000 00595nam a2200217Ia 4500
003 OSt
005 20220928121355.0
006 a|||||r|||| 00| 0
007 ta
008 220927b |||||||| |||| 00| 0 eng d
024 _a38255
037 _cReference Collections
040 _aSDCL
_cSDCL
_beng
041 _2eng
_aeng
082 _aD66g, M1 RR
245 0 _aELECTRONIC ENGINEERING handbook.
260 _aHeyden
_bSiemens Aktiengessllschaft
_c1981
300 _axii,749p.
_ccm.
942 _hD66g, M1 RR
_cREF
_2CC
999 _c765737
_d765737